Pre šance správneho východiska

Bibliographic Details
Main Author: Lőrincz, Július, 1910-1980 (Author)
Format: Article
Language:Slovak
Subjects:

MARC

LEADER 00000nab a2200000 a 4500
001 vtls000181745
003 SK-MaSNL
005 20260303202249.0
008 160202c1984 xo 0 slo
015 |a SNBRB19rr/mm-uuuuu 
035 |a CL0191858 
040 |a SNKBUCL  |b slo  |c SNKBUCL  |e AACR2 
041 0 |a slo 
044 |a xo  |c SK 
080 |a 327.51(100-11)  |2 1981 
080 |a 354.11(100-11)  |2 1981 
100 1 |a Lőrincz, Július,  |d 1910-1980  |4 aut  |9 48954 
245 1 0 |a Pre šance správneho východiska  |c Július P. Lörincz 
650 0 7 |a Varšavská zmluva (1955)  |2 snkbucl  |9 328080 
655 7 |a články z novín a časopisov  |2 snkbucl  |9 267496 
773 0 |t Pravda  |g Roč. 65, č. 98 (25. 4. 1984), s. 7 
850 |a Slovenská národná knižnica v Martine  |a MTA001 
852 |a SNK  |b KIS3GCP 
958 |a RK 
958 |a HU 
992 |a RBX 
999 |c 2178625  |d 2180555